00918pam a2200217 a 4500020001500000082003100015100002800046245006800074260003700142300003200179500002000211500019200231526003700423650002900460650003700489650001300526650003300539942001200572999001900584952009700603 a007037226800a624.177bLEOcL-20, P-177.1 aLeonard, John W.94293510aTension structures :bbehavior and analysis /cJohn W. Leonard. aNew York :bMcGraw-Hill,cc1988. ax, 400 p. :bill. ;c24 cm. aIncludes index. aOutgrowth of a series of lectures presented during 1983 at the Politecnico de Milano and a special course taught during 1985 in the Civil Engineering Dept. of the Oregon State University. a0b0c0d624_177000000000000_LEO 0aCable structures.942936 0aLightweight construction.930206 0aMCE9379 0aTensile architecture.942937 2ddccBK c546740d546740 00102ddc4070aMCEbMCEd2014-06-18l0o624.177 LEOpMCE-29990r2014-06-18w2014-06-18yBK